| 000 | 01006nam a2200241 i 4500 | ||
|---|---|---|---|
| 001 | 79021 | ||
| 003 | ES-MaACL | ||
| 005 | 20250626193829.0 | ||
| 007 | t| | ||
| 008 | 041019s1944 sp c |||| | spa d | ||
| 110 | 2 |
_aHemeroteca Municipal de Madrid. _94560 |
|
| 245 | 1 | 0 |
_aPeriódicos, folletos y hojas políticas del siglo XIX ingresados en la Hemeroteca Municipal _b: (1941-1944) / _cE.V.H. |
| 260 |
_aMadrid : _bSección de Cultura e Información, _c1944 ( _fArtes Gráf. Municipales) |
||
| 300 |
_a29 p. ; _c24 cm. |
||
| 595 | _aSeparata de: Revista de la Biblioteca, Archivo y Museo, Año XIII, n. 50 (jul. 1944) | ||
| 610 | 2 | 4 |
_aHemeroteca Municipal de Madrid- _vCatálogos. _94561 |
| 650 | 4 |
_aPublicaciones periódicas- _zHemeroteca Municipal de Madrid- _vCatálogos. _9141345 |
|
| 651 | 7 |
_aEspaña- _xPolítica y gobierno- _yS.XIX _2 _9161744 |
|
| 700 | 1 |
_aVarela Hervías, Eulogio. _9113159 |
|
| 852 |
_aES-MaACL _j1668-F-24 |
||
| 852 |
_aES-MaACL _j1861-F-14 |
||
| 999 |
_c79021 _d79021 |
||